Olomouc sa postaral o ďalšiu senzáciu WHIL - 22. kolo: Šaľa uštedrila lekciu ŠKP Štart

Bibliographic Details
Format: Article
Language:Slovak
PhysicalDescription:Tab.
ISSN:0139-7001
Subjects:

MARC

LEADER 00000nab a2200000 ar4500
001 vtls008989180
003 SK-MaSNL
005 20260303065103.0
008 070517c20070507xo mr|p|||||||000 b|slo
015 |a SNKBUCL2007/05  |2 snkbucl 
038 |a SNKBUCL 
040 |a SNKBUCL  |b slo  |c SNKBUCL  |e AACR2 
041 0 |a slo 
044 |a xo  |c SK 
080 |a 796.322.093.1  |2 2001 
245 0 0 |a Olomouc sa postaral o ďalšiu senzáciu  |b WHIL - 22. kolo: Šaľa uštedrila lekciu ŠKP Štart 
300 |b Tab. 
648 7 |a sezóna 2006/2007  |2 snkbucl  |9 1032718 
650 0 7 |a hádzaná  |2 snkbucl  |9 3292 
650 0 7 |a ženy  |2 snkbucl  |9 4865 
650 0 7 |a WHIL  |2 snkbucl  |9 872589 
650 0 7 |a 22. kolo  |2 snkbucl  |9 872934 
773 0 |t Šport  |g Roč. 61, č. 93 (23.4.2007), s. 38  |x 0139-7001 
852 |a SNK  |b KIS3GCP 
999 |c 1749775  |d 1751705